Elementary principles of sociological pharmacy. (Record no. 90655)

MARC details
000 -LEADER
fixed length control field 00576cam a22002171 4500
001 - CONTROL NUMBER
control field sg 45000254
003 - CONTROL NUMBER IDENTIFIER
control field DLC
005 - DATE AND TIME OF LATEST TRANSACTION
control field 20260227112746.0
008 - FIXED-LENGTH DATA ELEMENTS--GENERAL INFORMATION
fixed length control field 810725s1945 xx 000 0 eng
010 ## - LIBRARY OF CONGRESS CONTROL NUMBER
LC control number sg 45000254
035 ## - SYSTEM CONTROL NUMBER
System control number (OCoLC)14743244
040 ## - CATALOGING SOURCE
Original cataloging agency DLC
Transcribing agency DNLM
Modifying agency DLC
042 ## - AUTHENTICATION CODE
Authentication code premarc
050 00 - LIBRARY OF CONGRESS CALL NUMBER
Classification number RS99
Item number .C6
060 0# - NATIONAL LIBRARY OF MEDICINE CALL NUMBER
Classification number QV 11
Item number C697e 1945
100 1# - MAIN ENTRY--PERSONAL NAME
Personal name Colle, Henry.
245 10 - TITLE STATEMENT
Title Elementary principles of sociological pharmacy.
Statement of responsibility, etc. By Henry Colle ...
260 ## - PUBLICATION, DISTRIBUTION, ETC.
Place of publication, distribution, etc. [San Francisco?]
Date of publication, distribution, etc. c1945.
300 ## - PHYSICAL DESCRIPTION
Extent 5 p. l., 35 numb. l.
500 ## - GENERAL NOTE
General note Type-written.

No items available.

Powered by Koha